عرض عادي
عرض مارك
- Linguistics
مدخل مصطلح موضوعي
001 - رقم الضبط
- حقل الضبط: 56776
003 - معرف رقم الضبط
- حقل الضبط: OSt
005 - تاريخ ووقت أخر عملية
- حقل الضبط: 20161127092359.0
008 - عناصر بيانات ثابتة الطول
- حقل تحكم ثابت الطول: 161127|| aca||aabn | a|a d
040 ## - مصدر الفهرسة
- هيئة الفهرسة الأصلية: OSt
- وكالة الكتابة: OSt
150 ## - مدخل-- مصطلح تاريخي
- عنصر مدخل المصطلح الموضوعي او الاسم الجغرافي: Linguistics
- تفريع عام: Research
- تفريع عام: Methodology.
670 ## - بيانات المصدر موجوده
- الاستشهاد بالمصدر: Work cat.: (OSt)0: Wray, Alison. 56775, Projects in linguistics and language studies :, 2012.
